| 000 | 00571nam a22001697a 4500 | ||
|---|---|---|---|
| 999 |
_c13720 _d13720 |
||
| 008 | 190402b ||||| |||| 00| 0 eng d | ||
| 020 | _a9781606508039 | ||
| 082 |
_22015 _aAV-Eb 574.8802 _bR943 |
||
| 100 |
_aRunning, Mark . _938141 |
||
| 245 |
_aA primer on cell and molecular biology / _cMark Running. |
||
| 260 |
_bMomentum Press, _c©2015. |
||
| 300 | _a158 pages; | ||
| 500 | _aInlcudes index. | ||
| 650 |
_aMolecular biology-Research. _938142 |
||
| 856 | _yhttps://ebookcentral.proquest.com/lib/uniofmindanao-ebooks/detail.action?docID=4624468 | ||
| 942 |
_2ddc _cEB |
||